Central Library OPAC University of Rajshahi

Marcel Proust as a social critic / (Record no. 23592)

MARC details
000 -LEADER
fixed length control field 01001cam a2200313 4500
001 - CONTROL NUMBER
control field 23592
003 - CONTROL NUMBER IDENTIFIER
rucl marc code BD-RjUL
005 - DATE AND TIME OF LATEST TRANSACTION
control field 20211209000940.0
008 - FIXED-LENGTH DATA ELEMENTS--GENERAL INFORMATION
fixed length control field 140311s1971 nju b 001 0beng d
020 ## - INTERNATIONAL STANDARD BOOK NUMBER
International Standard Book Number 083867898X
035 ## - SYSTEM CONTROL NUMBER
System control number (BD-RjUL)23657
040 ## - CATALOGING SOURCE
Original cataloging agency DLC
Transcribing agency DLC
Modifying agency DLC
-- BD-RjUL
Language of cataloging eng
041 ## - LANGUAGE CODE
Language code of text/sound track or separate title eng
082 00 - DEWEY DECIMAL CLASSIFICATION NUMBER
Classification number 843.912
Author mark and year KOM 1971
100 1# - MAIN ENTRY--PERSONAL NAME
Personal name Kopp, Richard L.,
Dates associated with a name 1934-
9 (RLIN) 72625
245 10 - TITLE STATEMENT
Title Marcel Proust as a social critic /
Statement of responsibility, etc. by Richard L. Kopp.
260 ## - PUBLICATION, DISTRIBUTION, ETC. (IMPRINT)
Place of publication, distribution, etc. Rutherford :
Name of publisher, distributor, etc. Fairleigh Dickinson University Press,
Date of publication, distribution, etc. 1971
300 ## - PHYSICAL DESCRIPTION
Pagination 230 p. ;
Size 22 cm.
350 ## - PRICE (NR) (BK AM CF MU VM SE) [OBSOLETE]
Price $9.50
500 ## - GENERAL NOTE
General note Include index
504 ## - BIBLIOGRAPHY, ETC. NOTE
Bibliography, etc Bibliography: p. 219-227.
600 10 - SUBJECT ADDED ENTRY--PERSONAL NAME
Personal name Proust, Marcel,
Dates associated with a name 1871-1922.
Personal name Proust, Marcel,
Dates associated with a name 1871-1922
General subdivision Political and social views.
650 #0 - SUBJECT ADDED ENTRY--TOPICAL TERM
Topical term or geographic name as entry element Literature and society
Geographic subdivision France
General subdivision History
Chronological subdivision 20th century.
9 (RLIN) 72628
Topical term or geographic name as entry element Social problems in literature.
9 (RLIN) 54759
942 ## - ADDED ENTRY ELEMENTS (KOHA)
Source of classification or shelving scheme Dewey Decimal Classification
Koha item type Books
Holdings
Lost status Source of classification or shelving scheme Damaged status Not for loan Collection code Permanent Location Current Location Shelving location Date acquired Source of acquisition Cost, normal purchase price Total Checkouts Full call number Date last seen Copy number Koha item type
  Dewey Decimal Classification   Added to bundle Non-fiction Central Library, University of Rajshahi Central Library, University of Rajshahi Reading Room 06/02/1980 Scholars Bookshelf U.S.A 6.95   843.912 KOM 1971 11/03/2014 C-1 Books